[Event "Budapest HUN"]
[Site "?"]
[Date "2003.??.??"]
[Round "4"]
[White "Buchkremer Felix"]
[Black "Kayar Erdem"]
[Result "1/2-1/2"]
[WhiteElo "2041"]
[BlackElo "2238"]
[PlyCount "81"]
[EventDate "2003.??.??"]
[Source "www.chesslib.no"]
[SourceDate "2004.05.04"]

1. e4 e5 2. Bc4 Nf6 3. Nc3 Nxe4 4. Qh5 Nd6 5. Bb3 Nc6 6. Nb5 g6 7. Qf3 f5 8. Qd5 Qf6 9. Nxc7+ Kd8 10. Nxa8 b6 11. d3 Nd4 12. Nf3 Bb7 13. Qxd4 exd4 14. Bg5 Qxg5 15. Nxg5 Bxg2 16. Rg1 Bxa8 17. O-O-O Ke7 18. f4 Kf6 19. Rde1 a5 20. Re2 Bh6 21. Kb1 Bc6 22. a3 Bxg5 23. fxg5+ Kg7 24. c3 dxc3 25. bxc3 h6 26. gxh6+ Rxh6 27. Bc2 Kf6 28. Ka1 Rh3 29. Kb2 g5 30. Rf2 f4 31. Re1 Bb5 32. a4 Bxd3 33. Bxd3 Rxd3 34. Kc2 Rh3 35. Rd2 Nc4 36. Rxd7 Rxh2+ 37. Kb3 Nd2+ 38. Ka3 Nc4+ 39. Kb3 Nd2+ 40. Ka3 Nc4+ 41. Kb3 1/2-1/2

[Event "Budapest HUN"]
[Site "?"]
[Date "1998.??.??"]
[Round "7"]
[White "Bodrogi Mihaly"]
[Black "Trifunovic Dusan"]
[Result "0-1"]
[WhiteElo "2195"]
[BlackElo "2075"]
[PlyCount "120"]
[EventDate "1998.??.??"]
[Source "www.chesslib.no"]
[SourceDate "2004.05.04"]

1. e4 e5 2. Bc4 Nf6 3. Nc3 Nxe4 4. Qh5 Nd6 5. Bb3 Be7 6. Qxe5 O-O 7. Nge2 Bf6 8. Qf4 Bg5 9. Qf3 Qf6 10. Qxf6 Bxf6 11. Nd5 Bd8 12. d3 c6 13. Bf4 Ne8 14. Ne3 a5 15. c3 Bc7 16. Bg5 a4 17. Bc2 f6 18. Bh4 d5 19. Nd4 g6 20. O-O Nd7 21. Ne6 Rf7 22. Nxc7 Nxc7 23. Rfe1 Nf8 24. d4 a3 25. b3 Nb5 26. Nd1 Bd7 27. Bd3 Nd6 28. Ne3 f5 29. f3 Ne6 30. Nc2 Kf8 31. Re5 g5 32. Bf2 Nf4 33. Bf1 Re7 34. Rxe7 Kxe7 35. Be1 b5 36. Bd2 Ne6 37. Re1 Kf6 38. Bc1 f4 39. Bd3 h5 40. Nxa3 c5 41. dxc5 Nxc5 42. Bf1 Nf5 43. Bb2 Ne6 44. Ra1 Ne3 45. Bxb5 Bxb5 46. Nxb5 g4 47. fxg4 hxg4 48. a4 Nc5 49. Nd4 Ne4 50. a5 f3 51. Rf1 Nxf1 52. gxf3 Ne3 53. fxe4 dxe4 54. c4 Nd1 55. Ba3 Rxa5 56. Bd6 Nc3 57. b4 Ra1+ 58. Kf2 Rd1 59. Bc5 Rd2+ 60. Ke3 Rd3+ 0-1

[Event "Gyongyos op"]
[Site "?"]
[Date "1996.??.??"]
[Round "?"]
[White "Veres Istvan"]
[Black "Merenyi Gabor"]
[Result "0-1"]
[WhiteElo "2135"]
[BlackElo "2115"]
[PlyCount "72"]
[EventDate "1996.??.??"]
[Source "www.chesslib.no"]
[SourceDate "2004.05.04"]

1. e4 e5 2. Nc3 Nf6 3. Bc4 Nxe4 4. Qh5 Nd6 5. Bb3 Nc6 6. Nb5 g6 7. Qf3 f5 8. Qd5 Qf6 9. Nxc7+ Kd8 10. Nxa8 b6 11. Nxb6 axb6 12. Qf3 Bb7 13. Qh3 g5 14. f3 h5 15. d3 e4 16. fxe4 fxe4 17. Qe3 Bh6 18. Qxb6+ Kc8 19. Qf2 Qe5 20. Qg3 Qf6 21. Ne2 Rf8 22. h4 Nf5 23. Qf2 exd3 24. cxd3 Nxh4 25. O-O Qe5 26. Qe3 Qxe3+ 27. Bxe3 Re8 28. Kf2 Ne5 29. Rac1+ Kb8 30. Kg1 Ng4 31. Bc5 Rxe2 32. Bd6+ Ka8 33. Rc2 Rxc2 34. Bxc2 Bg7 35. Bc5 Bxg2 36. Rf7 Be5 0-1